La Jamaïque pour les touristes... - Facile - Statistiques

Statistiques générales
  • Ce quiz a été pris 18 fois
  • Le résultat moyen est 11 sur 20
Statistiques - réponses
Question Indice Réponses Indice facile % Correct
Quelle est la langue officielle ? Anglais
100%
La conduite se fait à droite ou à gauche ? Gauche
88%
La vitesse est limitée hors des villes à {110} km/h
82%
Dans la capitale quel est le décalage horaire avec Paris ? (+ ou - et chiffre) ex - 10 - 7
82%
Le principal aéroport est K Kingston
82%
Quelles sont les principaux lieux touristiques ? K Kingston GITONSKN
82%
Achats à faire 1/ CD de Reggae AGREGE
82%
Combien d'heures (environ) mettrez-vous pour vous y rendre ? (en chiffres) 10
76%
Avez-vous besoin d'un visa ? (oui/non) Non
76%
Quelles sont les principaux lieux touristiques ? O {Ocho} Rios CHOO
71%
Le suffixe internet est jm
59%
Autre langue parlée Espagnol
53%
Achats à faire 2/ Chapeau de Rastafari RATAFIASR
53%
Achats à faire 3/ Porte clefs en feuilles de... Ganja NAGAJ
47%
La religion majoritaire est Catholicisme C
41%
Comment se nomme la principale compagnie aérienne locale F J A Fly Jamaica Airways AAAFJWYYCALMIRAIS
24%
Quelles sont les principaux lieux touristiques ? M B Les {Montagnes bleues} BLASTOGENESEMNU
12%
Quelle est la monnaie ? Quetzal Q
12%
Quel est le climat local ? T M Tropical maritime
6%
Quelles sont les principaux lieux touristiques ? S M {Seven Mile} Beach ENSEVELIM
0%
Aucun quiz correspondant
Distribution des résultats
% des personnes avec chaque résultat
Percentile par nombre de réponses
Votre historique - résultats
Vous n’avez pas pris ce quiz